The legend of the Indian paintbrush / (Record no. 113582)
[ view plain ]
| 000 -LEADER | |
|---|---|
| fixed length control field | 00640nam a2200157 a 4500 |
| 005 - DATE AND TIME OF LATEST TRANSACTION | |
| control field | 20140414132029.0 |
| 008 - FIXED-LENGTH DATA ELEMENTS--GENERAL INFORMATION | |
| fixed length control field | 110317s19uu xx 00 eng d |
| 050 ## - LIBRARY OF CONGRESS CALL NUMBER | |
| Classification number | TR |
| Item number | L52 1988 |
| 100 ## - MAIN ENTRY--PERSONAL NAME | |
| Personal name | DePaola, Tomie, 1934- |
| 245 ## - TITLE STATEMENT | |
| Title | The legend of the Indian paintbrush / |
| Statement of responsibility, etc | retold and illustrated by Tomie dePaola. |
| 260 ## - PUBLICATION, DISTRIBUTION, ETC. (IMPRINT) | |
| Place of publication, distribution, etc | New York : |
| Name of publisher, distributor, etc | Scholastic , |
| Date of publication, distribution, etc | c1988. |
| 520 ## - SUMMARY, ETC. | |
| Summary, etc | Little Gopher follows his destiny, as revealed in a Dream-Vision, of becoming an artist for his people and eventually is able to bring the colors of the sunset down to the earth. |
| 650 ## - SUBJECT ADDED ENTRY--TOPICAL TERM | |
| Topical term or geographic name as entry element | Artists |
| General subdivision | Folklore. |
| 650 ## - SUBJECT ADDED ENTRY--TOPICAL TERM | |
| Topical term or geographic name as entry element | Flowers |
| General subdivision | Folklore. |
| Withdrawn status | Lost status | Damaged status | Home library | Current library | Shelving location | Date acquired | Source of acquisition | Total Checkouts | Full call number | Barcode | Date last seen | Price effective from | Koha item type |
|---|---|---|---|---|---|---|---|---|---|---|---|---|---|
| Munich Library | Munich Library | Teachers Reference Section | 03/17/2011 | TR L52 1988 | M5174 | 04/14/2014 | 04/14/2014 | Books |